| 000 | 00478cam a2200181ua 4500 | ||
|---|---|---|---|
| 001 | 5069 | ||
| 008 | 120303n enk |||gr||||Z||||||eng | ||
| 020 | _a0-521-22324-5 | ||
| 040 | _cMAIN | ||
| 082 | _a820 | ||
| 100 |
_aBilan, R. P., _eAuthor., |
||
| 245 | 1 | 1 |
_aLiterary criticism of F. R. Leavis _cby R. P. Bilan |
| 250 | _a1st. | ||
| 260 |
_aLondon: _bCambridge University press, _c1979. |
||
| 300 |
_a338p: _c23cm. |
||
| 653 | _aEnglish.& Old English literatures | ||
| 942 | _cBK | ||
| 999 |
_c4253 _d4253 |
||